00259nam a2200121Ia 45000030006000000080041000060400015000471000020000622450017000822600009000995460012001080050017001200STCL150530s9999 xx 000 0 und d aSTCLcSTCL aRichard Mckenna aSand pebbles c1964 aEnglish20220125171345.0